[Event "Bangalore op 1st"]
[Site "Bangalore"]
[Date "2024.01.26"]
[Round "10"]
[White "Stany, George Anthony"]
[Black "Agarwal Mukund, Hemant"]
[Result "1-0"]
[WhiteElo "2459"]
[BlackElo "1852"]
[PlyCount "119"]
[EventDate "2024.01.18"]
[EventType "swiss"]
[EventRounds "10"]
[EventCountry "IND"]
[SourceTitle "CB05_2024"]
[SourceDate "2024.01.31"]
[SourceVersion "1"]
[SourceVersionDate "2024.01.31"]
[SourceQuality "1"]

1. e4 c5 2. Nf3 d6 3. d4 cxd4 4. Qxd4 Nc6 5. Qe3 g6 6. Be2 Bg7 7. 0-0 Nf6 8. h3 0-0 9. Rd1 Nd7 10. Nc3 Qb6 11. Qf4 Nde5 12. Nd5 Qd8 13. c3 Nxf3+ 14. Qxf3 Be6 15. Qg3 Rc8 16. Qh4 Bxd5 17. exd5 Ne5 18. Be3 Qc7 19. c4 Bf6 20. Qe4 Nd7 21. Rab1 a5 22. b3 Ra8 23. a3 Nc5 24. Qc2 Rfc8 25. f4 Bg7 26. g4 Qd7 27. a4 Re8 28. Bf3 Qc7 29. Re1 e5 30. dxe6 Rxe6 31. Bd5 Re7 32. Bf2 Rae8 33. Rxe7 Rxe7 34. f5 g5 35. h4 h6 36. hxg5 hxg5 37. f6 Bxf6 38. Qg6+ Bg7 39. Bd4 Ne6 40. Bxe6 fxe6 41. Bxg7 Rxg7 42. Qe8+ Kh7 43. Qh5+ Kg8 44. Qe8+ Kh7 45. Qxe6 Rf7 46. Rb2 Qc5+ 47. Kg2 Kg7 48. Rd2 Rf6 49. Qe7+ Rf7 50. Qe6 Rf6 51. Qe2 Qb6 52. Rd5 Qxb3 53. Rxg5+ Kf7 54. Rb5 Qxa4 55. g5 Rg6 56. Rxb7+ Kg8 57. Rb8+ Kh7 58. Qh5+ Kg7 59. Qh8+ Kf7 60. Qh7+ 1-0

[Event "Bangalore op 1st"]
[Site "Bangalore"]
[Date "2024.01.20"]
[Round "4"]
[White "Stany, George Anthony"]
[Black "Joshua, AP."]
[Result "1-0"]
[WhiteElo "2459"]
[BlackElo "2234"]
[PlyCount "59"]
[EventDate "2024.01.18"]
[EventType "swiss"]
[EventRounds "10"]
[EventCountry "IND"]
[SourceTitle "CB05_2024"]
[SourceDate "2024.01.31"]
[SourceVersion "1"]
[SourceVersionDate "2024.01.31"]
[SourceQuality "1"]

1. e4 c6 2. d4 d5 3. e5 c5 4. c3 Nc6 5. Be2 Bf5 6. Nf3 e6 7. 0-0 Qb6 8. dxc5 Bxc5 9. b4 Be7 10. Qa4 Nh6 11. Be3 Qc7 12. b5 Qa5 13. Qb3 Nb8 14. Nbd2 Nd7 15. c4 Ng4 16. cxd5 Nxe3 17. Qxe3 exd5 18. Nd4 Be6 19. f4 g6 20. g4 Nc5 21. f5 gxf5 22. gxf5 Rg8+ 23. Kh1 Bg5 24. Qf3 Qxd2 25. fxe6 0-0-0 26. exf7 Qxd4 27. fxg8Q Rxg8 28. Rad1 Bd2 29. Qf7 Rd8 30. e6 1-0

[Event "Abu Dhabi op 29th"]
[Site "Abu Dhabi"]
[Date "2023.08.20"]
[Round "5"]
[White "Stany, George Anthony"]
[Black "Poormosavi, Seyed Kian"]
[Result "1/2-1/2"]
[WhiteElo "2472"]
[BlackElo "2372"]
[PlyCount "88"]
[EventDate "2023.08.16"]
[EventType "swiss"]
[EventRounds "9"]
[EventCountry "UAE"]
[SourceTitle "EXT 2024"]
[Source "ChessBase"]
[SourceDate "2023.10.10"]
[SourceVersion "1"]
[SourceVersionDate "2023.10.10"]
[SourceQuality "1"]

1. d4 Nf6 2. c4 e6 3. g3 d5 4. Nf3 Bb4+ 5. Bd2 a5 6. Bg2 0-0 7. Qc2 c5 8. dxc5 Na6 9. 0-0 Bxc5 10. cxd5 exd5 11. a3 Re8 12. Bc3 Ne4 13. Bd4 Bf5 14. Qd1 Rc8 15. a4 Qb6 16. Na3 Bd7 17. Nc2 Bxd4 18. Qxd4 Qxd4 19. Ncxd4 Rc4 20. b3 Rb4 21. Rfc1 Nac5 22. Ra3 Bg4 23. e3 Bxf3 24. Bxf3 Nd3 25. Rc2 Ne1 26. Bxe4 dxe4 27. Rc3 Nf3+ 28. Nxf3 exf3 29. Ra2 Rd4 30. h3 Rd1+ 31. Kh2 h5 32. e4 Rxe4 33. Rxf3 Ree1 34. Rf5 Rh1+ 35. Kg2 h4 36. Rxa5 Rhg1+ 37. Kh2 Rh1+ 38. Kg2 Rdg1+ 39. Kf3 hxg3 40. fxg3 Rxh3 41. Rg2 Rf1+ 42. Rf2 Rg1 43. Rg2 Rf1+ 44. Rf2 Rg1 1/2-1/2

[Event "Seville op 48th"]
[Site "Seville"]
[Date "2023.01.20"]
[Round "8"]
[White "Stany, George Anthony"]
[Black "Campora, Daniel Hugo"]
[Result "1-0"]
[WhiteElo "2510"]
[BlackElo "2337"]
[PlyCount "59"]
[EventDate "2023.01.13"]
[EventType "swiss"]
[EventRounds "9"]
[EventCountry "ESP"]
[SourceTitle "CBM 212 Extra"]
[Source "ChessBase"]
[SourceDate "2023.03.31"]
[SourceVersion "1"]
[SourceVersionDate "2023.03.31"]
[SourceQuality "1"]

1. e4 e5 2. Nf3 Nc6 3. Bb5 a6 4. Ba4 Nf6 5. 0-0 Be7 6. d3 d6 7. c3 0-0 8. Re1 Re8 9. Nbd2 Bf8 10. Nf1 g6 11. Ng3 Bg7 12. h3 b5 13. Bb3 Na5 14. Bc2 c5 15. d4 cxd4 16. cxd4 exd4 17. Nxd4 Bb7 18. Bf4 Nc4 19. b3 Ne5 20. Bg5 h6 21. Be3 Ned7 22. Qd2 Bxe4 23. Bxh6 Bxc2 24. Bxg7 Kxg7 25. Nxc2 Nc5 26. Rad1 Rxe1+ 27. Rxe1 Ne6 28. Rd1 Rc8 29. Ne3 d5 30. Ne2 1-0

[Event "Seville op 48th"]
[Site "Seville"]
[Date "2023.01.15"]
[Round "3"]
[White "Sanz Wawer, Daniel"]
[Black "Stany, George Anthony"]
[Result "0-1"]
[WhiteElo "2295"]
[BlackElo "2510"]
[PlyCount "174"]
[EventDate "2023.01.13"]
[EventType "swiss"]
[EventRounds "9"]
[EventCountry "ESP"]
[SourceTitle "CBM 212 Extra"]
[Source "ChessBase"]
[SourceDate "2023.03.31"]
[SourceVersion "1"]
[SourceVersionDate "2023.03.31"]
[SourceQuality "1"]

1. e4 e5 2. Nf3 Nc6 3. Bc4 Bc5 4. c3 Nf6 5. d3 d6 6. h3 a6 7. Bb3 Ba7 8. Nbd2 Nh5 9. Nc4 Nf4 10. Bxf4 exf4 11. Qd2 b5 12. Na3 Ne5 13. d4 Nxf3+ 14. gxf3 Qf6 15. Bd5 Rb8 16. Nc2 c5 17. Bc6+ Kf8 18. 0-0-0 g6 19. dxc5 dxc5 20. Qd8+ Qxd8 21. Rxd8+ Kg7 22. Rxh8 Kxh8 23. Bd5 Kg7 24. c4 Kf6 25. b3 Be6 26. Bxe6 fxe6 27. Rd1 Ke7 28. Rg1 Rb7 29. Rd1 Bb8 30. Na3 Be5 31. Rd2 Bc3 32. Rc2 Bd4 33. Rd2 Bc3 34. Rc2 b4 35. Nb1 Bd4 36. Kd1 Kf6 37. Ke2 Ke5 38. Nd2 a5 39. Rc1 Ra7 40. Rc2 Ra6 41. Nb1 Kd6 42. Nd2 Kc6 43. Nb1 Rb6 44. Nd2 Kb7 45. Nb1 Ka6 46. Nd2 e5 47. Kf1 Kb7 48. Ke2 Ra6 49. Kf1 g5 50. Nb1 Rb6 51. Nd2 Kc7 52. Nb1 Kd7 53. Nd2 Ke7 54. Nb1 Kf6 55. Nd2 Kg6 56. Nb1 Kh5 57. Nd2 Kh4 58. Kg2 Rd6 59. Nb1 Rd7 60. Rd2 Ra7 61. Rc2 Kh5 62. Nd2 Kg6 63. Nb1 Rd7 64. Kf1 Rd6 65. Rd2 Ra6 66. Rc2 Kf7 67. Kg2 Ke7 68. Kf1 Kd7 69. Kg2 Kc7 70. Kf1 Ra7 71. Ke2 Kb6 72. Kf1 Rd7 73. Rd2 a4 74. bxa4 Ka5 75. Rd3 Kxa4 76. Nd2 Rd6 77. Nb3 Ka3 78. Nxc5+ Kxa2 79. Nb3 Rc6 80. Nxd4 exd4 81. Rd2+ Kb3 82. Rxd4 Kc3 83. Rd8 b3 84. Ke2 b2 85. Rd3+ Kxc4 86. Rd1 Rb6 87. Rb1 Kc3 0-1

[Event "Roquetas de Mar op 34th"]
[Site "Roquetas de Mar"]
[Date "2023.01.04"]
[Round "2"]
[White "Ojas, Kulkarni"]
[Black "Stany, George Anthony"]
[Result "0-1"]
[WhiteElo "2218"]
[BlackElo "2510"]
[PlyCount "38"]
[EventDate "2023.01.03"]
[EventType "swiss"]
[EventRounds "9"]
[EventCountry "ESP"]
[SourceTitle "CBM 212 Extra"]
[Source "ChessBase"]
[SourceDate "2023.03.31"]
[SourceVersion "1"]
[SourceVersionDate "2023.03.31"]
[SourceQuality "1"]

1. d4 Nf6 2. c4 e6 3. g4 d5 4. g5 Ne4 5. Bg2 Nxg5 6. Nc3 Bb4 7. Qb3 Nc6 8. cxd5 exd5 9. Bxg5 Qxg5 10. Bxd5 0-0 11. Bxc6 bxc6 12. Qxb4 Qg2 13. 0-0-0 Qxh1 14. Nf3 Qg2 15. Rg1 Qh3 16. Qe7 Bf5 17. Qxc7 Bg6 18. Qxc6 Qf5 19. Qa4 Rfc8 0-1

[Event "Roquetas de Mar op 34th"]
[Site "Roquetas de Mar"]
[Date "2023.01.04"]
[Round "3"]
[White "Stany, George Anthony"]
[Black "Mikrut, Dariusz"]
[Result "0-1"]
[WhiteElo "2510"]
[BlackElo "2317"]
[PlyCount "140"]
[EventDate "2023.01.03"]
[EventType "swiss"]
[EventRounds "9"]
[EventCountry "ESP"]
[SourceTitle "CBM 212 Extra"]
[Source "ChessBase"]
[SourceDate "2023.03.31"]
[SourceVersion "1"]
[SourceVersionDate "2023.03.31"]
[SourceQuality "1"]

1. e4 c5 2. Nf3 Nc6 3. Bb5 g6 4. Bxc6 dxc6 5. d3 Qc7 6. h3 e5 7. Be3 Nf6 8. Nc3 Nh5 9. Qd2 f6 10. a3 b6 11. Ne2 a5 12. a4 Bd6 13. Qc3 Be6 14. Nd2 0-0 15. 0-0 Nf4 16. Rfe1 Qd7 17. Bxf4 exf4 18. d4 cxd4 19. Qxd4 Qc7 20. Nf3 Bb4 21. c3 Rad8 22. cxb4 Rxd4 23. Nexd4 Bd7 24. bxa5 bxa5 25. e5 c5 26. e6 cxd4 27. exd7 Qxd7 28. Red1 d3 29. Ra3 Rd8 30. Rd2 Qc6 31. Raxd3 Rxd3 32. Rxd3 Qxa4 33. b3 Qa1+ 34. Kh2 Qf1 35. Rd8+ Kg7 36. Rd7+ Kg8 37. Rd8+ Kf7 38. Rd7+ Ke6 39. Rxh7 Qxf2 40. Rb7 g5 41. Rb5 Qa7 42. b4 axb4 43. Rxb4 Kf7 44. Rc4 Qe7 45. Ra4 Qd6 46. Rd4 Qc5 47. Ra4 Qb6 48. Rc4 Kg6 49. Rc8 Qf2 50. Rc6 Qb2 51. Ra6 Kh5 52. Ra8 Qb6 53. Rc8 Qd6 54. Rg8 Kh6 55. Kh1 Qd5 56. Re8 Kg6 57. Rb8 Qe6 58. Rb5 f5 59. Rb4 Qd6 60. Rb5 Kf6 61. Rb1 g4 62. hxg4 fxg4 63. Nh2 Kg5 64. Rf1 Kh4 65. Nxg4 Kxg4 66. Kg1 Qd4+ 67. Kh2 Qd3 68. Rf2 Qg3+ 69. Kg1 Qe3 70. Kf1 Kg3 0-1

[Event "Gujarat op 3rd"]
[Site "Ahmedabad"]
[Date "2022.04.07"]
[Round "10"]
[White "Abdisalimov, Abdimalik"]
[Black "Stany, George Anthony"]
[Result "1/2-1/2"]
[WhiteElo "2435"]
[BlackElo "2517"]
[PlyCount "220"]
[EventDate "2022.03.31"]
[EventType "swiss"]
[EventRounds "10"]
[EventCountry "IND"]
[SourceTitle "CBM 207 Extra"]
[Source "ChessBase"]
[SourceDate "2022.05.31"]
[SourceVersion "1"]
[SourceVersionDate "2022.05.31"]
[SourceQuality "1"]

1. e4 c5 2. Nf3 Nc6 3. d4 cxd4 4. Nxd4 Nf6 5. Nc3 e5 6. Ndb5 d6 7. Nd5 Nxd5 8. exd5 Nb8 9. c4 a6 10. Nc3 Be7 11. Be2 0-0 12. 0-0 f5 13. f4 Nd7 14. Kh1 Bf6 15. Be3 b6 16. Rc1 Bb7 17. b4 Rc8 18. Na4 Kh8 19. Qd2 g6 20. Rfd1 Re8 21. Bf1 exf4 22. Bxf4 Be5 23. Bxe5+ Rxe5 24. Qd4 Kg8 25. Re1 Qe7 26. Red1 b5 27. cxb5 Rxc1 28. Rxc1 axb5 29. Nc3 Nf6 30. h3 Nxd5 31. Nxd5 Bxd5 32. Kh2 Bxa2 33. Rc8+ Kg7 34. Ra8 Bf7 35. Bxb5 Qb7 36. Ra5 Qe4 37. Qc3 Qf4+ 38. Kg1 Qe3+ 39. Qxe3 Rxe3 40. Bc6 Rb3 41. Ra7 Rb1+ 42. Kf2 Kf6 43. b5 Bc4 44. Rb7 d5 45. Rxh7 f4 46. g3 Rb2+ 47. Kf3 Rb3+ 48. Kf2 fxg3+ 49. Kg2 Ke5 50. Rd7 g5 51. Rd8 Kd4 52. Rg8 Bd3 53. Bxd5 Kxd5 54. Rxg5+ Ke4 55. Rg4+ Kf5 56. Rxg3 Rb2+ 57. Kf3 Bxb5 58. h4 Be2+ 59. Ke3 Bg4 60. h5 Rh2 61. h6 Rxh6 62. Kd4 Kf4 63. Rd3 Bf3 64. Rd2 Ra6 65. Rd3 Ra4+ 66. Kc3 Be4 67. Rd1 Ra8 68. Rd2 Ke5 69. Rd4 Ra3+ 70. Kb4 Ra1 71. Rd2 Rc1 72. Kb3 Bd5+ 73. Kb4 Kd6 74. Rd4 Rb1+ 75. Kc3 Kc5 76. Rd3 Bc4 77. Re3 Ra1 78. Re5+ Bd5 79. Re3 Rh1 80. Rg3 Rh4 81. Rd3 Rc4+ 82. Kb2 Rb4+ 83. Kc3 Bc4 84. Re3 Ra4 85. Re5+ Bd5 86. Re3 Be4 87. Kb3 Rb4+ 88. Kc3 Rc4+ 89. Kb3 Bc2+ 90. Kb2 Kd4 91. Re8 Be4 92. Rd8+ Bd5 93. Rd7 Rc5 94. Rd8 Kd3 95. Rb8 Rc2+ 96. Kb1 Rd2 97. Rc8 Rh2 98. Rd8 Kc4 99. Kc1 Be4 100. Rc8+ Kd4 101. Rd8+ Ke3 102. Rc8 Bd3 103. Rc7 Kd4 104. Kd1 Bc4 105. Rd7+ Kc3 106. Ke1 Re2+ 107. Kd1 Re8 108. Rc7 Rd8+ 109. Kc1 Rh8 110. Rd7 Ra8 1/2-1/2

[Event "Gujarat op 3rd"]
[Site "Ahmedabad"]
[Date "2022.04.01"]
[Round "3"]
[White "Stany, George Anthony"]
[Black "Aradhya, Garg"]
[Result "1/2-1/2"]
[WhiteElo "2517"]
[BlackElo "2236"]
[PlyCount "128"]
[EventDate "2022.03.31"]
[EventType "swiss"]
[EventRounds "10"]
[EventCountry "IND"]
[SourceTitle "CBM 207 Extra"]
[Source "ChessBase"]
[SourceDate "2022.05.31"]
[SourceVersion "1"]
[SourceVersionDate "2022.05.31"]
[SourceQuality "1"]

1. e4 e5 2. Nf3 Nc6 3. Bb5 a6 4. Ba4 Bc5 5. 0-0 d6 6. c3 Bd7 7. d4 Ba7 8. Re1 Nf6 9. Be3 0-0 10. h3 Re8 11. d5 Ne7 12. Bxa7 Rxa7 13. c4 b5 14. Bb3 Ng6 15. Re3 Qb8 16. Nbd2 Nf4 17. Kh2 c6 18. dxc6 Bxc6 19. cxb5 axb5 20. Rc1 Qa8 21. Qc2 Bd7 22. Ng5 d5 23. exd5 h6 24. Ngf3 Qb8 25. d6 Qxd6 26. Ne4 Nxe4 27. Qxe4 Ng6 28. Rd1 Qf6 29. Qd5 Rc7 30. Qd6 Qxd6 31. Rxd6 Kf8 32. Rb6 f6 33. Nd2 Ne7 34. Ne4 Nf5 35. Rc3 Rec8 36. Bc2 Nd4 37. Bd3 f5 38. Rxc7 Rxc7 39. Nc3 e4 40. Bf1 Be8 41. a3 Rc5 42. Rb7 Re5 43. Rb6 f4 44. Rd6 Nf5 45. Rd8 Ke7 46. Rd5 Ke6 47. Rxe5+ Kxe5 48. Bxb5 Bxb5 49. Nxb5 Nd4 50. Nc3 Nb3 51. a4 g5 52. Kg1 Kd4 53. Kf1 Kd3 54. Ke1 h5 55. h4 gxh4 56. Nd5 f3 57. Nf4+ Kc2 58. Kf1 Kxb2 59. gxf3 exf3 60. Kg1 Ka3 61. Ng6 Kxa4 62. Nxh4 Nd4 63. Kh2 Kb4 64. Kg3 Kc4 1/2-1/2

[Event "Gujarat op 3rd"]
[Site "Ahmedabad"]
[Date "2022.03.31"]
[Round "1"]
[White "Stany, George Anthony"]
[Black "Pawar, Sohum"]
[Result "1-0"]
[WhiteElo "2517"]
[BlackElo "1458"]
[PlyCount "107"]
[EventDate "2022.03.31"]
[EventType "swiss"]
[EventRounds "10"]
[EventCountry "IND"]
[SourceTitle "CBM 207 Extra"]
[Source "ChessBase"]
[SourceDate "2022.05.31"]
[SourceVersion "1"]
[SourceVersionDate "2022.05.31"]
[SourceQuality "1"]

1. e4 c5 2. Nf3 Nc6 3. Bb5 g6 4. Bxc6 dxc6 5. d3 Bg7 6. h3 Qc7 7. Nc3 e5 8. Be3 b6 9. Qd2 h6 10. Nh2 f5 11. exf5 gxf5 12. f4 Be6 13. fxe5 Bxe5 14. 0-0-0 0-0-0 15. Nf3 Bg3 16. Ne2 Bd6 17. Kb1 Qg7 18. Bf4 Ne7 19. Bxd6 Rxd6 20. Nf4 Bf7 21. Rhf1 Rhd8 22. Rde1 Nd5 23. Nxd5 Bxd5 24. Nh4 Rf6 25. Nxf5 Bxa2+ 26. Ka1 Rxf5 27. Rxf5 Bd5 28. g4 c4 29. Qc3 Qxc3 30. bxc3 Rd7 31. Rf6 Rh7 32. dxc4 Bg2 33. Re3 h5 34. g5 Kb7 35. Rf2 Bxh3 36. Rxh3 Ka6 37. g6 Rg7 38. Rg2 b5 39. Rxh5 bxc4 40. Rh7 Rxg6 41. Rxg6 Kb6 42. Rxa7 Kxa7 43. Rxc6 Kb7 44. Rxc4 Kb6 45. Kb2 Kb5 46. Kb3 Kb6 47. Kb4 Ka6 48. Rc5 Kb6 49. c4 Kb7 50. Kb5 Ka7 51. Rc7+ Ka8 52. Kb6 Kb8 53. c5 Ka8 54. Rc8# 1-0

[Event "Guwahati op 1st"]
[Site "Guwahati"]
[Date "2022.03.19"]
[Round "9"]
[White "Stany, George Anthony"]
[Black "Priyanka, K."]
[Result "1-0"]
[WhiteElo "2517"]
[BlackElo "2215"]
[PlyCount "61"]
[EventDate "2022.03.14"]
[EventType "swiss"]
[EventRounds "10"]
[EventCountry "IND"]
[SourceTitle "CBM 207 Extra"]
[Source "ChessBase"]
[SourceDate "2022.05.31"]
[SourceVersion "1"]
[SourceVersionDate "2022.05.31"]
[SourceQuality "1"]

1. e4 c5 2. Nf3 d6 3. d4 cxd4 4. Nxd4 Nf6 5. Nc3 a6 6. Qd3 e5 7. Nf5 Bxf5 8. exf5 d5 9. Bg5 d4 10. Ne4 Qb6 11. 0-0-0 Nbd7 12. f4 Nxe4 13. Qxe4 f6 14. Bh4 Nc5 15. Qd5 Rd8 16. Qc4 e4 17. Be2 h5 18. Kb1 Qd6 19. Bf2 Qxf4 20. Bxd4 b5 21. Qc3 Qxf5 22. Rhf1 Qc8 23. Bxf6 Rxd1+ 24. Bxd1 Qe6 25. Bxg7 Na4 26. Bxh5+ Rxh5 27. Rxf8+ Ke7 28. Qc7+ Qd7 29. Rf7+ Kxf7 30. Qxd7+ Kg6 31. Qe8+ 1-0

[Event "Guwahati op 1st"]
[Site "Guwahati"]
[Date "2022.03.15"]
[Round "2"]
[White "Gajanan, Vijay Jayde"]
[Black "Stany, George Anthony"]
[Result "0-1"]
[WhiteElo "1823"]
[BlackElo "2517"]
[PlyCount "104"]
[EventDate "2022.03.14"]
[EventType "swiss"]
[EventRounds "10"]
[EventCountry "IND"]
[SourceTitle "CBM 207 Extra"]
[Source "ChessBase"]
[SourceDate "2022.05.31"]
[SourceVersion "1"]
[SourceVersionDate "2022.05.31"]
[SourceQuality "1"]

1. d4 d5 2. Nf3 Nf6 3. Bf4 Nh5 4. Bg5 h6 5. Bh4 g5 6. Bg3 Bg7 7. e3 Nxg3 8. hxg3 c5 9. Be2 Qb6 10. Nc3 cxd4 11. Nxd4 e6 12. 0-0 0-0 13. Na4 Qa5 14. c4 dxc4 15. Bxc4 Rd8 16. Nb3 Rxd1 17. Nxa5 Rxa1 18. Rxa1 Bd7 19. Nc3 b6 20. Nb3 Kf8 21. a4 a6 22. a5 b5 23. Be2 Ra7 24. f4 Rc7 25. Rc1 Ke8 26. Kf2 Kd8 27. Ke1 Bf8 28. Kd2 Nc6 29. Rh1 gxf4 30. gxf4 Bb4 31. Rxh6 Nxa5 32. Nxa5 Bxa5 33. Rh5 Ke7 34. g4 Bb6 35. b4 Bxe3+ 36. Kxe3 Rxc3+ 37. Kd4 Rb3 38. Kc5 Re3 39. Rh2 Kd8 40. Kd6 Be8 41. f5 Re4 42. fxe6 Rxe6+ 43. Kc5 Rc6+ 44. Kd4 Rc2 45. g5 Ke7 46. Rf2 Bd7 47. Rh2 Bg4 48. g6 fxg6 49. Rh7+ Kf6 50. Bxg4 Rc4+ 51. Kd3 Rxg4 52. Kc3 Rc4+ 0-1

[Event "Guwahati op 1st"]
[Site "Guwahati"]
[Date "2022.03.15"]
[Round "3"]
[White "Stany, George Anthony"]
[Black "Parnali, S Dharia"]
[Result "1-0"]
[WhiteElo "2517"]
[BlackElo "2224"]
[PlyCount "75"]
[EventDate "2022.03.14"]
[EventType "swiss"]
[EventRounds "10"]
[EventCountry "IND"]
[SourceTitle "CBM 207 Extra"]
[Source "ChessBase"]
[SourceDate "2022.05.31"]
[SourceVersion "1"]
[SourceVersionDate "2022.05.31"]
[SourceQuality "1"]

1. d4 d5 2. c4 e6 3. Nf3 Nf6 4. g3 dxc4 5. Bg2 Bd7 6. Ne5 Bc6 7. Nxc6 Nxc6 8. Qa4 Qd7 9. Qxc4 Nxd4 10. 0-0 c6 11. Nc3 e5 12. Rd1 Qe6 13. Qa4 Qg4 14. Bf4 Bc5 15. e3 Nf3+ 16. Bxf3 Qxf3 17. Bxe5 Ng4 18. Qf4 Qxf4 19. Bxf4 Rd8 20. Kg2 f5 21. h3 Nf6 22. Kf3 h5 23. Rxd8+ Kxd8 24. Rd1+ Kc8 25. Be5 Be7 26. Kf4 Rf8 27. Bd6 g5+ 28. Ke5 Kd8 29. Ke6 Bxd6 30. Rxd6+ Kc7 31. Rd2 g4 32. Ke7 Nh7 33. h4 b5 34. Ne2 Kb6 35. Nf4 Rc8 36. Nxh5 b4 37. Ke6 c5 38. Kxf5 1-0

[Event "Guwahati op 1st"]
[Site "Guwahati"]
[Date "2022.03.14"]
[Round "1"]
[White "Stany, George Anthony"]
[Black "Rajbeer, Ahmed"]
[Result "1-0"]
[WhiteElo "2517"]
[BlackElo "1461"]
[PlyCount "77"]
[EventDate "2022.03.14"]
[EventType "swiss"]
[EventRounds "10"]
[EventCountry "IND"]
[SourceTitle "CBM 207 Extra"]
[Source "ChessBase"]
[SourceDate "2022.05.31"]
[SourceVersion "1"]
[SourceVersionDate "2022.05.31"]
[SourceQuality "1"]

1. d4 Nf6 2. c4 e6 3. g3 d5 4. Nf3 c6 5. Bg2 Be7 6. 0-0 0-0 7. Qc2 b6 8. Rd1 Bb7 9. b3 Nbd7 10. Nc3 Rc8 11. Bf4 Ba6 12. e4 dxc4 13. Nd2 c5 14. d5 e5 15. Bg5 cxb3 16. axb3 Nb8 17. Bh3 Rc7 18. Nc4 Bxc4 19. bxc4 Bd6 20. Nb5 Rb7 21. Bc8 Re7 22. Bxf6 gxf6 23. Bf5 a6 24. Qe2 h6 25. Na3 Rb7 26. Nc2 Kg7 27. Qg4+ Kh8 28. Ne3 Rg8 29. Qh4 Kg7 30. Bc8 Rc7 31. Nf5+ Kf8 32. Qxh6+ Ke8 33. Bxa6 Nxa6 34. Rxa6 Rb7 35. Nxd6+ Qxd6 36. Ra8+ Rb8 37. Rxb8+ Qxb8 38. Qxf6 Kf8 39. d6 1-0

[Event "Dhaka Sheikh Russel op"]
[Site "Dhaka"]
[Date "2021.10.27"]
[Round "9"]
[White "Stany, George Anthony"]
[Black "Koustav, Chatterjee"]
[Result "1/2-1/2"]
[WhiteElo "2522"]
[BlackElo "2431"]
[PlyCount "44"]
[EventDate "2021.10.19"]
[EventType "swiss"]
[EventRounds "9"]
[EventCountry "BAN"]
[SourceTitle "EXT 2023"]
[Source "ChessBase"]
[SourceDate "2022.10.05"]
[SourceVersion "1"]
[SourceVersionDate "2022.10.05"]
[SourceQuality "1"]

1. e4 e5 2. Nf3 Nc6 3. Bb5 Nf6 4. d3 d6 5. c3 Be7 6. 0-0 0-0 7. Re1 a6 8. Ba4 b5 9. Bb3 h6 10. a4 Bd7 11. d4 Re8 12. d5 Na5 13. Bc2 c6 14. dxc6 Bxc6 15. Nbd2 Nc4 16. Nxc4 bxc4 17. Qe2 Rc8 18. Rd1 Qb6 19. Nd2 d5 20. exd5 Bxd5 21. Nf1 Ba8 22. Bf5 Qb7 1/2-1/2

[Event "Titled Tuesday intern op 31st Aug"]
[Site "Chess.com INT"]
[Date "2021.08.31"]
[Round "4"]
[White "Stany, George Anthony"]
[Black "Martic, Ivan"]
[Result "1-0"]
[WhiteElo "2522"]
[BlackElo "2278"]
[PlyCount "81"]
[EventDate "2021.08.31"]
[EventType "swiss (blitz)"]
[EventRounds "11"]
[EventCountry "USA"]
[SourceTitle "EXT 2022"]
[Source "ChessBase"]
[SourceDate "2021.10.06"]
[SourceVersion "1"]
[SourceVersionDate "2021.10.06"]
[SourceQuality "1"]

1. d4 Nf6 2. c4 g6 3. Nc3 Bg7 4. e4 d6 5. Nf3 0-0 6. Be2 e5 7. d5 a5 8. h3 Na6 9. Be3 Nc5 10. Nd2 Bd7 11. g4 a4 12. h4 h6 13. g5 hxg5 14. Bxg5 Qe8 15. h5 Nh7 16. Be3 Qe7 17. Qc2 a3 18. b3 f5 19. hxg6 Ng5 20. 0-0-0 Na6 21. Bxg5 Qxg5 22. Qd3 fxe4 23. Ncxe4 Qf4 24. Kb1 Bf5 25. Qf3 Nc5 26. Qh5 Rf6 27. Bd3 Bxe4 28. Nxe4 Nxe4 29. Qh7+ Kf8 30. Rh4 Nc3+ 31. Kc2 Qxf2+ 32. Rd2 Qg1 33. Kxc3 e4 34. Rxe4 Rf2+ 35. Kb4 Rxd2 36. Rf4+ Ke8 37. Qg8+ Kd7 38. Qe6+ Kd8 39. Qg8+ Kd7 40. Qxg7+ Kc8 41. Rf8# 1-0

[Event "Titled Tuesday intern op 31st Aug"]
[Site "Chess.com INT"]
[Date "2021.08.31"]
[Round "5"]
[White "Stany, George Anthony"]
[Black "Pajeken, Jakob Leon"]
[Result "1-0"]
[WhiteElo "2522"]
[BlackElo "2357"]
[PlyCount "79"]
[EventDate "2021.08.31"]
[EventType "swiss (blitz)"]
[EventRounds "11"]
[EventCountry "USA"]
[SourceTitle "EXT 2022"]
[Source "ChessBase"]
[SourceDate "2021.10.06"]
[SourceVersion "1"]
[SourceVersionDate "2021.10.06"]
[SourceQuality "1"]

1. e4 d6 2. d4 Nf6 3. Nc3 e5 4. Nf3 Nbd7 5. Bc4 Be7 6. 0-0 0-0 7. Re1 c6 8. a4 h6 9. h3 Qc7 10. Ba2 Re8 11. Be3 exd4 12. Nxd4 Bf8 13. Bf4 Nc5 14. Qf3 Ne6 15. Nxe6 Bxe6 16. Bxh6 Bxa2 17. Rxa2 d5 18. Bf4 Qa5 19. Raa1 Bb4 20. e5 Ne4 21. Nxe4 Bxe1 22. Nf6+ gxf6 23. exf6 Re4 24. Qg4+ Kf8 25. Qg7+ Ke8 26. Qg8+ Kd7 27. Qxa8 Bxf2+ 28. Kxf2 Rxf4+ 29. Kg1 Qb6+ 30. Kh1 Qxb2 31. Re1 Re4 32. Rf1 Re6 33. Qf8 Rxf6 34. Re1 Kc7 35. a5 Rd6 36. Qxf7+ Rd7 37. Qf4+ Rd6 38. Re7+ Kc8 39. Qf5+ Kd8 40. Qf8# 1-0

[Event "Titled Tuesday intern op 06th Apr"]
[Site "Chess.com INT"]
[Date "2021.04.06"]
[Round "4"]
[White "Quparadze, Giga"]
[Black "Stany, George Anthony"]
[Result "1/2-1/2"]
[WhiteElo "2463"]
[BlackElo "2522"]
[PlyCount "124"]
[EventDate "2021.04.06"]
[EventType "swiss (blitz)"]
[EventRounds "11"]
[EventCountry "USA"]
[SourceTitle "CBM 201 Extra"]
[Source "ChessBase"]
[SourceDate "2021.05.31"]
[SourceVersion "1"]
[SourceVersionDate "2021.05.31"]
[SourceQuality "1"]

1. e4 c5 2. Nf3 d6 3. g3 Nf6 4. Qe2 g6 5. c3 Qc7 6. Bg2 e5 7. 0-0 Nc6 8. d4 cxd4 9. cxd4 exd4 10. Na3 a6 11. Bf4 Nh5 12. Bd2 Bg7 13. Rac1 0-0 14. Qd3 Qe7 15. Nc2 Ne5 16. Nxe5 dxe5 17. Bb4 Qe8 18. Bxf8 Bxf8 19. Na3 Bd7 20. Nc4 Bc6 21. Rc2 Ng7 22. Rfc1 f6 23. Na5 Bb5 24. Qb3+ Kh8 25. Rc7 b6 26. Nb7 Ne6 27. a4 Bxa4 28. Qxb6 Nxc7 29. Rxc7 Be7 30. Bh3 d3 31. b3 d2 32. Bg4 Bd7 33. Bd1 Bd8 34. Nxd8 Qxd8 35. Qd6 Bg4 36. Qxd8+ Rxd8 37. Bxg4 d1Q+ 38. Bxd1 Rxd1+ 39. Kg2 Rd3 40. Rb7 Rd4 41. Kf3 a5 42. Ke3 a4 43. bxa4 Rxa4 44. Rf7 Ra6 45. h4 Kg8 46. Re7 Ra3+ 47. Ke2 Ra4 48. Kf3 h5 49. Rd7 Kf8 50. Ke3 Ra3+ 51. Ke2 Ra4 52. Ke3 Ra3+ 53. Rd3 Ra4 54. Rb3 Ke7 55. Rb7+ Kf8 56. f4 Ra3+ 57. Kf2 exf4 58. gxf4 Rh3 59. Rb6 Kf7 60. Rb7+ Kf8 61. Rb6 Kf7 62. Rb7+ Kf8 1/2-1/2

[Event "Titled Tuesday intern op 29th Dec"]
[Site "Chess.com INT"]
[Date "2020.12.29"]
[Round "4"]
[White "Zeydan, Salih"]
[Black "Stany, George Anthony"]
[Result "0-1"]
[WhiteElo "2066"]
[BlackElo "2522"]
[PlyCount "64"]
[EventDate "2020.12.29"]
[EventType "swiss (blitz)"]
[EventRounds "11"]
[EventCountry "USA"]
[SourceTitle "CBM 200 Extra"]
[Source "ChessBase"]
[SourceDate "2021.03.31"]
[SourceVersion "1"]
[SourceVersionDate "2021.03.31"]
[SourceQuality "1"]

1. e4 c5 2. Nf3 e6 3. d4 cxd4 4. Nxd4 Nc6 5. Nc3 Qc7 6. Be3 a6 7. Qd2 Nf6 8. f3 Be7 9. 0-0-0 b5 10. g4 0-0 11. g5 Nh5 12. Bh3 Nxd4 13. Bxd4 Nf4 14. Bf1 Bxg5 15. Be3 Bb7 16. Rg1 Bh6 17. Kb1 Rac8 18. Ne2 Nxe2 19. Bxh6 Nxg1 20. Qg2 Qxc2+ 21. Qxc2 Rxc2 22. Kxc2 gxh6 23. Rxd7 Bc6 24. Rc7 Nxf3 25. Kd3 Ne5+ 26. Kd4 f6 27. Bh3 Rd8+ 28. Kc5 Bxe4 29. Bxe6+ Kh8 30. Ra7 Nd3+ 31. Kb6 Rd6+ 32. Ka5 Rxe6 0-1